Harry Potter commençant par B - Statistiques

Statistiques générales
  • Ce quiz a été pris 3 530 fois
  • Le résultat moyen est 7 sur 10
Statistiques - réponses
Réponse % Correct
Hippogriffe d'Hagrid Buck
97%
Serpent géant Basilic
95%
Examen Final de la 5ème année à Poudlard BUSE
94%
Fantôme de Serpentard Baron Sanglant
92%
enveloppe parlante Beuglante
88%
Professeur d'Histoire de la magie Binns
71%
Magasin dans l'Allée des Embrumes Barjow et Beurk
66%
Pierre qu'on trouve dans l'estomac d'une chèvre Bézoard
47%
Modèle de balai volant Brossdur
29%
Produit inventé par lesjumeaux Weasley lors de leur dernière année à Poudlard Boîte à Flemme
14%
Aucun quiz correspondant
Distribution des résultats
% des personnes avec chaque résultat
Percentile par nombre de réponses
Votre historique - résultats
Vous n’avez pas pris ce quiz